|
|
|
|
| LEADER |
00000nab a2200000 a 4500 |
| 001 |
vtls000578100 |
| 003 |
SK-MaSNL |
| 005 |
20260318121800.0 |
| 008 |
160202c1996 xo 0 hun |
| 015 |
|
|
|a SNBRB19rr/mm-uuuuu
|
| 035 |
|
|
|a CL0578238
|
| 040 |
|
|
|a SNKBUCL
|b slo
|c SNKBUCL
|e AACR2
|
| 041 |
0 |
|
|a hun
|
| 044 |
|
|
|a xo
|c SK
|
| 080 |
|
|
|a 341.7(439)"1919/1945"(048)
|2 1981
|
| 080 |
|
|
|a 327(439)"1919/1945"(048)
|2 1981
|
| 100 |
1 |
|
|a Fehér, Pál E.,
|d 1936-
|4 aut
|9 109271
|
| 245 |
1 |
0 |
|a Kisebbségtudomány és diplomáciatörténet
|b Pritz Pál: Magyar diplomácia a két háború között (Magyar történelmi társulat, Budapest 1995)
|c Pál Fehér E.
|
| 500 |
|
|
|a V rubrike Árgus
|
| 650 |
0 |
7 |
|a zahraničná politika
|2 snkbucl
|9 971
|
| 650 |
0 |
7 |
|a diplomacia maďarská
|2 snkbucl
|9 850376
|
| 651 |
|
7 |
|a Maďarsko
|2 snkbucl
|9 16754
|
| 655 |
|
7 |
|a články z novín a časopisov
|2 snkbucl
|9 267496
|
| 700 |
1 |
|
|a Pritz, Pál
|4 aut
|9 298146
|
| 773 |
0 |
|
|t Irodalmi szemle
|g Roč. 39, č. 2 (1996), s. 93-96
|
| 787 |
0 |
8 |
|i Rec.:
|a Pritz, Pál
|t Magyar diplomácia a két háború között
|d Budapest : Magyar Történelmi Társulat, 1995
|
| 850 |
|
|
|a Slovenská národná knižnica v Martine
|a DSG001
|
| 852 |
|
|
|a SNK
|b KIS3GCP
|
| 958 |
|
|
|a RK
|
| 958 |
|
|
|a HU
|
| 992 |
|
|
|a RBX
|
| 999 |
|
|
|c 3161921
|d 3163851
|